Thinking and writing : A guide for college students
Thinking and Writing combines three books in one — a writing about literature text, an introduction to literature, and a thematic anthology — all working together to help students become better academic writers and better literary readers.
שמור ב:
| מחבר ראשי: | |
|---|---|
| פורמט: | ספר |
| שפה: | Undetermined |
| יצא לאור: |
St. James, NY
Brandywine Press
1997
|
| נושאים: | |
| תגים: |
הוספת תג
אין תגיות, היה/י הראשונ/ה לתייג את הרשומה!
|
| Thư viện lưu trữ: | Trung tâm Học liệu Trường Đại học Cần Thơ |
|---|
| LEADER | 00835nam a2200217Ia 4500 | ||
|---|---|---|---|
| 001 | CTU_186570 | ||
| 008 | 210402s9999 xx 000 0 und d | ||
| 082 | |a 808.042 | ||
| 082 | |b P935 | ||
| 100 | |a Press, Brandywine | ||
| 245 | 0 | |a Thinking and writing : | |
| 245 | 2 | |b A guide for college students | |
| 245 | 0 | |c Brandywine Press | |
| 260 | |a St. James, NY | ||
| 260 | |b Brandywine Press | ||
| 260 | |c 1997 | ||
| 520 | |a Thinking and Writing combines three books in one — a writing about literature text, an introduction to literature, and a thematic anthology — all working together to help students become better academic writers and better literary readers. | ||
| 650 | |a English language,Tiếng Anh | ||
| 650 | |x Rhetoric,Tu từ học | ||
| 910 | |a Hải | ||
| 980 | |a Trung tâm Học liệu Trường Đại học Cần Thơ | ||